00814cam a22002051 4500001001300000003000400013005001700017008004100034010002300075035001700098040004800115050005500163110004000218245018100258260004400439300001700483440006300500650002800563999001700591pa 61000032 DLC20260227111855.0780425s1961 dcu i00000 eng c apa 61000032 //r853 aocl73751913  aPan American Union. LibrarycWMaUCSdWMaUCS0 aF1405.5 1959b.O7 OEA/ser.I/VI.2, CIJ-57 (English)20aInter-American Juridical Committee.10aReservation of theoretical adherence to multilateral treaties.bReport prepared in accordance with Resolution XI of the fourth meeting of the Inter-American Council of Jurists.0 aWashington,bPan American Union,c1961. a5 p.c28 cm. 0a[OAS official records] ;vOEA/Ser.I/VI.2, CIJ-57 (English) 0aTreatiesxReservations. c51465d51465